000 02503cam a2200577 4500
999 _c371571
_d371571
001 1761186604
003 DE-627
005 20220420123537.0
007 tu
008 210623s2022 gw ||||| 00| ||ger c
015 _a21,N25
_2dnb
016 7 _a1235420531
_2DE-101
020 _a9783969820094
_c : circa EUR 24.00 (DE), circa EUR 24.60 (AT)
020 _a396982009X
024 3 _a9783969820094
035 _a(DE-627)1761186604
035 _a(DE-599)DNB1235420531
035 _a(OCoLC)1257411079
035 _a(DE-101)1235420531
040 _aDE-627
_bger
_cDE-627
_erda
_dDE-2950
041 _ager
044 _cXA-DE-BE
082 0 4 _a330
_qDE-101
084 _a73.90
_2bkl
084 _a15.46
_2bkl
084 _a15.08
_2bkl
100 1 _aKienzle, Lorenz
_d1967-
_eVerfasserIn
_0(DE-588)130253782
_0(DE-627)497356538
_0(DE-576)217071066
_4aut
245 1 0 _aArbeitswelten und Lebensräume:
_bBrandenburger Industrielandschaften 1992–2021 /
_cLorenz Kienzle ; mit einem Vorwort von Enno Kaufhold und ergänzenden Fotos von Ansgar Koch.
250 _a1. Auflage 2022
264 1 _aBerlin:
_bVerlag für Berlin-Brandenburg,
_c[2022].
300 _a191 Seiten:
_c26.7 cm x 21 cm
336 _aunbewegtes Bild
_bsti
_2rdacontent
336 _aText
_btxt
_2rdacontent
337 _aohne Hilfsmittel zu benutzen
_bn
_2rdamedia
338 _aBand
_bnc
_2rdacarrier
500 _aEnthält zahlreiche Abbildungen
500 _aEin Projekt im Rahmen des Themenjahres Kulturlandschaft Brandenburg "Zukunft der Vergangenheit - Industriekultur in Bewegung"
505 _aDarin enthalten: Horno und der Braunkohlentagebau Jänschwalde, Tagebau Greifenhain / Altdöbener See, Schwarze Pumpe und Brikettfabrik Louise, Stahl- und Walzwerk Brandenburg, Hutmacher in den Hutwerken Guben, Spinnerei Forst, Zahnradwerk Pritzwalk
653 _aIndustriebau
653 _aBrandenburg <Land>
655 7 _aBildband
_0(DE-588)4145395-5
_0(DE-627)104450835
_0(DE-576)209741139
_2gnd-content
951 _aBO
700 1 _aKaufhold, Enno
_d1944-
_eVerfasserIn eines Vorworts
_0(DE-588)118855298
_0(DE-627)079631002
_0(DE-576)164581103
_4wpr
700 1 _aKoch, Ansgar
_eMitwirkendeR
_4ctb
710 2 _aVerlag für Berlin-Brandenburg
_eVerlag
_0(DE-588)1065495668
_0(DE-627)816760950
_0(DE-576)425255204
_4pbl
856 4 2 _uhttps://d-nb.info/1235420531/04
_mB:DE-101
_qapplication/pdf
_v2022-03-30
_3Inhaltsverzeichnis
936 b k _a73.90
936 b k _a15.46
936 b k _a15.08
942 _2z
_cB